[Event "44th Annual World Open"]
[Site "Philadelphia USA"]
[Date "2016.07.01"]
[Round "3.2"]
[White "Nyzhnyk, Illya"]
[Black "Ashwin, Jayaram"]
[Result "1/2-1/2"]
[WhiteTitle "GM"]
[BlackTitle "GM"]
[WhiteElo "2622"]
[BlackElo "2460"]
[WhiteFideId "14118084"]
[BlackFideId "5018137"]
[EventDate "2016.06.30"]

1. Nf3 Nf6 2. g3 b6 3. Bg2 Bb7 4. d4 c5 5. dxc5 bxc5 6. c4 g6 7. Nc3 Bg7 8. O-O
O-O 9. Qc2 d6 10. Rd1 Nc6 11. a3 Rb8 12. Rb1 Nd7 13. b4 cxb4 14. axb4 a5 15.
bxa5 1/2-1/2

[Event "44th Annual World Open"]
[Site "Philadelphia USA"]
[Date "2016.07.01"]
[Round "3.4"]
[White "Murshed, Niaz"]
[Black "Sevian, Samuel"]
[Result "1/2-1/2"]
[WhiteTitle "GM"]
[BlackTitle "GM"]
[WhiteElo "2444"]
[BlackElo "2603"]
[WhiteFideId "10200010"]
[BlackFideId "2040506"]
[EventDate "2016.06.30"]

1. d4 Nf6 2. c4 e6 3. g3 d5 4. Bg2 dxc4 5. Nf3 Bd7 6. Ne5 Bc6 7. Nxc6 Nxc6 8.
O-O Qd7 9. Nd2 Rd8 10. Nxc4 Nxd4 11. e3 Qb5 12. exd4 Qxc4 13. Bxb7 Rb8 14. Bg2
Bd6 15. b3 Qb5 16. Be3 1/2-1/2

[Event "44th Annual World Open"]
[Site "Philadelphia USA"]
[Date "2016.07.01"]
[Round "3"]
[White "Kacheishvili, Giorgi"]
[Black "Checa, Nicolas D"]
[Result "1-0"]
[WhiteTitle "GM"]
[BlackTitle "FM"]
[WhiteElo "2589"]
[BlackElo "2398"]
[WhiteFideId "13600613"]
[BlackFideId "2069342"]
[EventDate "2016.06.30"]
[EventType "swiss"]

1. d4 d5 2. c4 c6 3. Nf3 Nf6 4. e3 Bf5 5. Nc3 e6 6. Nh4 Be4 7. f3 Bg6 8. Qb3 Qc7
9. g3 Nbd7 10. Kf2 Be7 11. Nxg6 hxg6 12. Kg2 O-O 13. cxd5 exd5 14. Bd2 Qb6 15.
Bd3 Rfe8 16. Ne2 Bf8 17. Rhc1 Rac8 18. Qxb6 axb6 19. a4 Ra8 20. h4 Rec8 21. b3
Ne8 22. Nf4 Bd6 23. e4 Bxf4 24. Bxf4 Nef6 25. e5 Nh7 26. Be3 Nhf8 27. f4 Ne6 28.
Rd1 c5 29. Bb5 Rd8 30. dxc5 Ndxc5 31. b4 d4 32. bxc5 dxe3 33. Rxd8+ Rxd8 34.
cxb6 Rd2+ 35. Kf3 Rb2 36. Rd1 e2 37. Bxe2 Rxb6 38. Bb5 Kf8 39. g4 Ke7 40. Rd7+
Kf8 41. f5 1-0

[Event "44th Annual World Open"]
[Site "Philadelphia USA"]
[Date "2016.07.01"]
[Round "3"]
[White "Sheng, Joshua"]
[Black "Gelashvili, Tamaz"]
[Result "0-1"]
[WhiteTitle "FM"]
[BlackTitle "GM"]
[WhiteElo "2397"]
[BlackElo "2557"]
[WhiteFideId "2057360"]
[BlackFideId "13600702"]
[EventDate "2016.06.30"]
[EventType "swiss"]

1. e4 d6 2. d4 g6 3. Nc3 Bg7 4. Be3 a6 5. Qd2 Nd7 6. O-O-O b5 7. f3 Bb7 8. h4 h5
9. Nh3 Rc8 10. Ng5 c5 11. dxc5 Nxc5 12. Bd4 Nf6 13. Nd5 Bxd5 14. exd5 Qc7 15. b3
Nfe4 16. fxe4 Bxd4 17. Kb1 Bf6 18. Bd3 Nd7 19. g4 hxg4 20. Be2 Ne5 21. Rdg1 Qc3
22. Qxc3 Rxc3 23. Kc1 b4 24. Kd1 a5 0-1

[Event "44th Annual World Open"]
[Site "Philadelphia USA"]
[Date "2016.07.01"]
[Round "3"]
[White "Antal, Gergely"]
[Black "Shetty, Atulya"]
[Result "1/2-1/2"]
[WhiteTitle "GM"]
[BlackTitle "FM"]
[WhiteElo "2545"]
[BlackElo "2366"]
[WhiteFideId "717312"]
[BlackFideId "2031213"]
[EventDate "2016.06.30"]
[EventType "swiss"]

1. e4 e6 2. d4 d5 3. Nd2 c5 4. exd5 Qxd5 5. dxc5 Nf6 6. Ngf3 Qxc5 7. Bd3 Nbd7 8.
O-O Be7 9. Qe2 Qc7 10. c4 O-O 11. b3 b6 12. Bb2 Bb7 13. Rad1 Rad8 14. Bb1 h6 15.
Nd4 Rfe8 16. Ne4 a6 17. h3 Nxe4 18. Bxe4 Bf6 19. Bxb7 Qxb7 20. Ba3 Nc5 21. Bxc5
bxc5 22. Nc2 Qb6 23. Rxd8 Rxd8 24. Rd1 Rxd1+ 25. Qxd1 Qa5 26. Qb1 Qc3 27. Ne1
Qd2 28. Kf1 Qc3 29. Nd3 Bd4 30. Ke2 e5 31. Ne1 g6 32. Nc2 f5 33. Ne3 Bxe3 34.
fxe3 Kg7 35. Qd1 Qb2+ 36. Kf1 Qxa2 37. Qd7+ Kf6 38. Qd6+ Kf7 39. Qxe5 Qxb3 40.
Qd5+ Kf6 41. Qd8+ Kf7 42. Qd5+ Kf6 43. Qd8+ 1/2-1/2

[Event "44th Annual World Open"]
[Site "Philadelphia USA"]
[Date "2016.07.01"]
[Round "3"]
[White "Colas, Joshua"]
[Black "Popilski, Gil"]
[Result "1/2-1/2"]
[WhiteTitle "FM"]
[BlackTitle "GM"]
[WhiteElo "2387"]
[BlackElo "2542"]
[WhiteFideId "2044447"]
[BlackFideId "2809060"]
[EventDate "2016.06.30"]
[EventType "swiss"]

1. d4 d6 2. Nf3 Nf6 3. g3 g6 4. Bg2 Bg7 5. O-O O-O 6. c4 c6 7. Nc3 Qa5 8. e4 e5
9. h3 Nbd7 10. d5 cxd5 11. cxd5 Nc5 12. Nd2 b5 1/2-1/2

[Event "44th Annual World Open"]
[Site "Philadelphia USA"]
[Date "2016.07.01"]
[Round "3"]
[White "Mandizha, Farai"]
[Black "Li, Ruifeng"]
[Result "1/2-1/2"]
[WhiteTitle "IM"]
[BlackTitle "IM"]
[WhiteElo "2368"]
[BlackElo "2529"]
[WhiteFideId "11000430"]
[BlackFideId "2061074"]
[EventDate "2016.06.30"]
[EventType "swiss"]

1. Nf3 c5 2. c4 Nc6 3. e3 e6 4. Nc3 Nf6 5. Be2 d5 6. cxd5 exd5 7. d4 a6 8. O-O
Bd6 9. b3 O-O 10. Bb2 cxd4 11. Nxd4 Bc7 12. Rc1 Qd6 13. g3 Bh3 14. Re1 Rfe8 15.
Bf3 Rad8 16. Nxc6 bxc6 17. Qd3 Ng4 18. Ne2 Qh6 19. Bxg4 Bxg4 20. Nd4 Rd6 21.
Qxa6 Bc8 22. Qa7 Bd8 23. Qb8 Bd7 24. Qb7 Qh3 25. Rc2 Rh6 26. f4 Rg6 27. f5 Rxg3+
28. hxg3 Qxg3+ 29. Kf1 Qh3+ 30. Rg2 Qh1+ 31. Rg1 Qh3+ 32. Rg2 Qh1+ 33. Rg1 Qh3+
34. Rg2 1/2-1/2

[Event "44th Annual World Open"]
[Site "Philadelphia USA"]
[Date "2016.07.01"]
[Round "3"]
[White "Vibbert, Sean"]
[Black "Bologan, Viktor"]
[Result "0-1"]
[WhiteTitle "FM"]
[BlackTitle "GM"]
[WhiteElo "2350"]
[BlackElo "2654"]
[WhiteFideId "2030292"]
[BlackFideId "13900048"]
[EventDate "2016.06.30"]
[EventType "swiss"]

1. e4 c5 2. Nc3 d6 3. g3 Nc6 4. Bg2 g6 5. d3 Bg7 6. Be3 Nf6 7. h3 O-O 8. Nge2
Rb8 9. Qd2 b5 10. O-O b4 11. Nd1 a5 12. g4 a4 13. Bh6 Bxh6 14. Qxh6 Nd4 15. Qd2
h5 16. f3 e5 17. Ne3 hxg4 18. fxg4 Nh7 19. Nxd4 cxd4 20. Nd5 a3 21. Rab1 Be6 22.
bxa3 bxa3 23. Rb3 Ra8 24. Rb7 Bxd5 25. exd5 Rc8 26. Rf2 Rc7 27. Rb3 Qh4 28. Qb4
Rd7 29. Qa4 Rdd8 30. Rb7 Ng5 31. Qa7 Rc8 32. Qxa3 Qg3 33. Kf1 e4 34. h4 e3 35.
Re2 Nf3 36. Qa7 Rxc2 0-1

[Event "44th Annual World Open"]
[Site "Philadelphia USA"]
[Date "2016.07.01"]
[Round "3"]
[White "Bachmann, Axel"]
[Black "Niemann, Hans M"]
[Result "1-0"]
[WhiteTitle "GM"]
[BlackTitle "FM"]
[WhiteElo "2642"]
[BlackElo "2298"]
[WhiteFideId "3700488"]
[BlackFideId "2093596"]
[EventDate "2016.06.30"]
[EventType "swiss"]

1. c4 e5 2. Nc3 Nf6 3. g3 d5 4. cxd5 Nxd5 5. Bg2 Nb6 6. d3 Be7 7. Be3 O-O 8. Rc1
Nc6 9. Nf3 Be6 10. O-O f5 11. b4 Nxb4 12. Nxe5 c6 13. Qd2 Bf6 14. Nf3 Bxc3 15.
Rxc3 N6d5 16. Nd4 Qd6 17. Nxe6 Qxe6 18. Rb3 Nxe3 19. Qxe3 Qxe3 20. fxe3 c5 21.
Rc1 Nxa2 22. Rxc5 Rac8 23. Bd5+ Kh8 24. Rxc8 Rxc8 25. Rxb7 Nc3 26. Be6 Ra8 27.
Rb3 Na4 28. Bxf5 a5 29. d4 1-0

[Event "44th Annual World Open"]
[Site "Philadelphia USA"]
[Date "2016.07.01"]
[Round "3"]
[White "Williams, Justus D"]
[Black "Shimanov, Aleksandr"]
[Result "0-1"]
[WhiteTitle "FM"]
[BlackTitle "GM"]
[WhiteElo "2305"]
[BlackElo "2631"]
[WhiteFideId "2049929"]
[BlackFideId "4198603"]
[EventDate "2016.06.30"]
[EventType "swiss"]

1. Nf3 g6 2. g3 Bg7 3. Bg2 c5 4. c4 Nc6 5. Nc3 e5 6. a3 a5 7. d3 Nge7 8. Rb1 d6
9. Qa4 Bd7 10. Nb5 Qb8 11. b4 Nd4 12. bxc5 Nxb5 13. cxb5 dxc5 14. Qc4 b6 15. Ng5
O-O 16. Bxa8 Qxa8 17. O-O Nf5 18. e4 Nd6 19. Qc2 a4 20. Bb2 f6 21. Nf3 Bxb5 22.
Rfe1 Qa6 23. Rbd1 Rd8 24. d4 cxd4 25. Nxd4 exd4 26. Bxd4 Rc8 27. Qa2+ Nf7 28. f4
Bc4 29. Qb2 b5 30. h3 Re8 31. g4 g5 32. h4 gxf4 33. g5 Ne5 34. Bxe5 fxe5 35. Rd7
Qe6 0-1

[Event "44th Annual World Open"]
[Site "Philadelphia USA"]
[Date "2016.07.01"]
[Round "3"]
[White "Ramirez, Alejandro"]
[Black "Adamson, Robby"]
[Result "1-0"]
[WhiteTitle "GM"]
[BlackTitle "FM"]
[WhiteElo "2563"]
[BlackElo "2251"]
[WhiteFideId "6500617"]
[BlackFideId "2009730"]
[EventDate "2016.06.30"]
[EventType "swiss"]

1. Nf3 Nf6 2. c4 e6 3. g3 d5 4. b3 a5 5. a3 a4 6. cxd5 exd5 7. b4 Nbd7 8. d3 Bd6
9. Bg2 O-O 10. O-O c6 11. Nc3 Nb6 12. Be3 Nfd7 13. Bd4 Qe7 14. e4 dxe4 15. Re1
c5 16. bxc5 Bxc5 17. dxe4 Rd8 18. Nd5 Nxd5 19. exd5 Qd6 20. Qc2 Bxd4 21. Nxd4
Qc5 22. Qb2 Qb6 23. Rab1 Qxb2 24. Rxb2 Nf6 25. Rb6 Kf8 26. Nb5 Ra5 27. Nd6 Nxd5
28. Nxc8 Nxb6 29. Nxb6 Ra6 30. Rb1 Rd3 31. Bf1 Rb3 32. Rxb3 axb3 33. Bxa6 bxa6
34. Na4 Ke7 35. Kf1 Ke6 36. Ke2 Kf5 37. f3 1-0

[Event "44th Annual World Open"]
[Site "Philadelphia USA"]
[Date "2016.07.01"]
[Round "3"]
[White "Carreto Nieto, Geovanni"]
[Black "Panchanathan, Magesh Chandran"]
[Result "0-1"]
[WhiteTitle "CM"]
[BlackTitle "GM"]
[WhiteElo "2224"]
[BlackElo "2518"]
[WhiteFideId "5105030"]
[BlackFideId "5007429"]
[EventDate "2016.06.30"]
[EventType "swiss"]

1. e4 e5 2. Nf3 Nc6 3. d4 exd4 4. Nxd4 Nf6 5. Nxc6 bxc6 6. e5 Qe7 7. Qe2 Nd5 8.
c4 Ba6 9. Nd2 g6 10. Nf3 Qb4+ 11. Kd1 Bg7 12. Qc2 Nb6 13. b3 O-O 14. a4 Qe7 15.
Ba3 c5 16. a5 Nc8 17. Qe4 Rb8 18. Qe3 d6 19. Kc2 Bb7 20. Re1 Re8 21. exd6 Qxe3
22. Rxe3 Rxe3 23. fxe3 Be4+ 24. Kd1 cxd6 25. Nd2 Ba8 26. e4 Ne7 27. Kc2 Nc6 28.
Bb2 Nxa5 29. Bxg7 Kxg7 30. Bd3 Nc6 31. Kc3 Nb4 32. Bb1 Re8 33. Rf1 Bc6 34. g4 h6
35. h4 Bd7 36. Rg1 Re6 37. g5 Re8 38. Nf3 hxg5 39. Nxg5 Nc6 40. Rf1 f6 41. Nf3
Bg4 42. Nh2 Bh5 43. Rf2 a5 44. Nf1 Nd4 45. Ra2 Rb8 46. Bc2 Nc6 47. Ne3 Bf3 48.
Ra1 Rh8 0-1

[Event "44th Annual World Open"]
[Site "Philadelphia USA"]
[Date "2016.07.01"]
[Round "3"]
[White "Korley, Kassa"]
[Black "Taghizadeh, Rayan"]
[Result "1/2-1/2"]
[WhiteTitle "IM"]
[BlackTitle "FM"]
[WhiteElo "2397"]
[BlackElo "2192"]
[WhiteFideId "2033801"]
[BlackFideId "2054019"]
[EventDate "2016.06.30"]
[EventType "swiss"]

1. d4 Nf6 2. Nf3 e6 3. e3 b6 4. Be2 Bb7 5. O-O Be7 6. b3 O-O 7. Bb2 d6 8. c4
Nbd7 9. Nc3 c5 10. d5 exd5 11. cxd5 Ne8 12. e4 Bf6 13. Re1 Nc7 14. Qd2 a6 15.
Bf1 b5 16. a3 Ne5 17. Nxe5 Bxe5 18. Nd1 Bxb2 19. Nxb2 f5 20. f3 Qf6 21. a4 fxe4
22. fxe4 Rae8 23. axb5 Nxb5 24. Nc4 Nd4 25. Na5 Bc8 26. Bd3 Qg6 27. Kh1 Bg4 28.
Rf1 Qh5 29. Qe3 Rxf1+ 30. Rxf1 Be2 31. Bxe2 Qxe2 32. Qxe2 Nxe2 33. Nb7 Rxe4 34.
Nxd6 Rf4 35. Rxf4 Nxf4 36. Nb7 Nxd5 37. Nxc5 Nc7 38. Kg1 Kf7 39. Kf2 Ke7 40. Ke3
Kd6 41. Ne4+ Ke5 42. Kd3 Ne6 43. g3 Nd4 44. Nc5 1/2-1/2

[Event "44th Annual World Open"]
[Site "Philadelphia USA"]
[Date "2016.07.01"]
[Round "3"]
[White "Durarbayli, Vasif"]
[Black "Xu, Runya"]
[Result "1-0"]
[WhiteTitle "GM"]
[WhiteElo "2596"]
[BlackElo "2023"]
[WhiteFideId "13402935"]
[BlackFideId "2084643"]
[EventDate "2016.06.30"]
[EventType "swiss"]

1. e4 c5 2. Nf3 Nc6 3. d4 cxd4 4. Nxd4 e5 5. Nb5 d6 6. N1c3 a6 7. Na3 Be7 8. Nd5
Nf6 9. Nxf6+ Bxf6 10. Nc4 O-O 11. c3 Be7 12. Be3 b5 13. Nb6 Rb8 14. Nxc8 Qxc8
15. Be2 Rd8 16. O-O Na5 17. b3 Qc6 18. Bf3 Nb7 19. Rc1 Nc5 20. c4 b4 21. Qc2
Rdc8 22. Rcd1 a5 23. Rd5 Qb7 24. Bg4 Rc6 25. f4 Bf6 26. Bf3 Qe7 27. g3 Re8 28.
Re1 h6 29. Bf2 Qc7 30. f5 Ra8 31. Red1 Raa6 32. h4 a4 33. Kg2 axb3 34. axb3 Qa7
35. R1d2 Be7 36. g4 Ra1 37. Bd1 Rca6 38. Bxc5 dxc5 39. Rd7 R6a2 40. Rxa7 Rxc2
41. Bxc2 Rxa7 42. Kg3 Kf8 43. Rd5 f6 44. Bd1 Ke8 45. g5 Rd7 46. gxh6 gxh6 47.
Rxd7 Kxd7 48. Kg4 Ke8 49. Kh5 Kf7 50. Kxh6 Kg8 51. Kg6 Bd8 52. Be2 Be7 53. Bh5
Bd8 54. Kh6 Be7 55. Be8 Bd8 56. Kg6 Be7 57. Bf7+ Kh8 58. h5 Bd8 59. h6 Be7 60.
Bd5 Bd8 61. h7 Be7 62. Bg8 Bf8 63. Kxf6 Bg7+ 64. Ke6 Bf6 65. Kd6 1-0

[Event "44th Annual World Open"]
[Site "Philadelphia USA"]
[Date "2016.07.01"]
[Round "3"]
[White "Santarius, Erik F"]
[Black "Yu, Jennifer R"]
[Result "1-0"]
[BlackTitle "WFM"]
[WhiteElo "2302"]
[BlackElo "2187"]
[WhiteFideId "2025817"]
[BlackFideId "2078341"]
[EventDate "2016.06.30"]
[EventType "swiss"]

1. d4 d5 2. c4 c6 3. cxd5 cxd5 4. Bf4 Nf6 5. Nc3 a6 6. e3 Nc6 7. Be2 Bf5 8. Nf3
h6 9. O-O e6 10. Qb3 Ra7 11. Rac1 Be7 12. Na4 Nd7 13. Nc5 Nxc5 14. dxc5 O-O 15.
Nd4 Bg6 16. Qb6 Qd7 17. Bd6 Bd8 18. Qb3 Ne7 19. Qa3 Ra8 20. c6 bxc6 21. Nxc6 Re8
22. Ne5 Qb7 23. Qa4 Bb6 24. Qb4 Rac8 25. Bxe7 Rxc1 26. Rxc1 a5 27. Qd6 Rxe7 28.
Rc6 Ba7 29. Qd8+ Kh7 30. Rc8 1-0

[Event "44th Annual World Open"]
[Site "Philadelphia USA"]
[Date "2016.07.01"]
[Round "3"]
[White "Chase, Christopher"]
[Black "Ramya, Krishna I."]
[Result "0-1"]
[WhiteTitle "FM"]
[BlackTitle "WFM"]
[WhiteElo "2282"]
[BlackElo "2163"]
[WhiteFideId "2002396"]
[BlackFideId "5018064"]
[EventDate "2016.06.30"]
[EventType "swiss"]

1. e4 d5 2. exd5 Qxd5 3. d4 Nf6 4. c4 Qd6 5. Nc3 c6 6. Nge2 e5 7. dxe5 Qxe5 8.
Bf4 Qe6 9. Qd2 Bb4 10. O-O-O O-O 11. Nd4 Qg4 12. Be2 Bxc3 13. bxc3 Qg6 14. h4
Nh5 15. Bxb8 Rxb8 16. g4 Nf6 17. f3 Ne8 18. c5 Qf6 19. Bd3 Qe5 20. Nb3 b6 21.
Rhe1 Qc7 22. Qe3 Nf6 23. c4 bxc5 24. Qxc5 Qf4+ 25. Qe3 Qc7 26. Qe5 Qb6 27. Qc5
Qc7 28. Kc2 Qh2+ 29. Re2 Qxh4 30. Qe5 Nd7 31. Qc7 h6 32. Bf5 Rb7 33. Qxc6 0-1

[Event "44th Annual World Open"]
[Site "Philadelphia USA"]
[Date "2016.07.01"]
[Round "3"]
[White "Figler, Ilye"]
[Black "Sinha, Sahil"]
[Result "1/2-1/2"]
[WhiteTitle "IM"]
[WhiteElo "2276"]
[BlackElo "2155"]
[WhiteFideId "2015382"]
[BlackFideId "2065231"]
[EventDate "2016.06.30"]
[EventType "swiss"]

1. d4 Nf6 2. c4 g6 3. Nc3 d5 4. cxd5 Nxd5 5. Bd2 Bg7 6. e4 Nxc3 7. Bxc3 c5 8. d5
Bxc3+ 9. bxc3 O-O 10. Qd2 Qd6 11. Nf3 e6 12. Bc4 exd5 13. Bxd5 Kg7 14. e5 Qe7
15. O-O Nc6 16. Rfe1 Rd8 17. c4 Be6 18. a3 Qc7 19. Re3 Na5 20. Qa2 Qd7 21. Qb2
Qa4 22. Bxe6 fxe6 23. Ng5 Qxc4 24. Qc3 b6 25. Qxc4 Nxc4 26. Nxe6+ Kg8 27. Rc3
Nxe5 28. Nxd8 Rxd8 29. Re1 c4 30. f3 Nd3 31. Re7 b5 32. Rxa7 Re8 33. g3 Re1+ 34.
Kg2 Re2+ 35. Kh3 Nf2+ 36. Kh4 Nd1 37. Rc1 Rxh2+ 38. Kg5 Rh5+ 39. Kf4 Nb2 40. Ke3
Nd3 41. Rb1 Rc5 42. Rb7 Re5+ 43. Kd4 Rf5 44. R1xb5 Rxf3 45. Rc7 Rf8 46. Kxc4 Nf2
47. Rbb7 1/2-1/2

[Event "44th Annual World Open"]
[Site "Philadelphia USA"]
[Date "2016.07.01"]
[Round "3"]
[White "Atoufi, Pedram"]
[Black "Bick, Gabriel J"]
[Result "1-0"]
[WhiteTitle "FM"]
[WhiteElo "2272"]
[BlackElo "2149"]
[WhiteFideId "12501654"]
[BlackFideId "2084058"]
[EventDate "2016.06.30"]
[EventType "swiss"]

1. e4 e5 2. Nf3 Nc6 3. Bb5 a6 4. Ba4 Nf6 5. O-O Be7 6. Re1 b5 7. Bb3 d6 8. c3
O-O 9. d4 Bg4 10. Be3 exd4 11. cxd4 d5 12. e5 Ne4 13. h3 Bh5 14. Nbd2 Nxd2 15.
Qxd2 Bxf3 16. Qc3 Qd7 17. Rec1 Nxe5 18. dxe5 Be4 19. Qxc7 Qe6 20. Rc6 Qf5 21. f3
Rac8 22. Qb7 Rxc6 23. Qxc6 Bd3 24. Qxd5 Rd8 25. Qb7 Qxe5 26. Bf2 Rb8 27. Qa7 Bd6
28. Qxf7+ Kh8 29. f4 Qxf4 30. Qxf4 Bxf4 31. Rd1 Bc4 32. Bxc4 bxc4 33. Bd4 Kg8
34. Bc3 Re8 35. Rd5 Bg3 36. Rg5 Be1 37. Rxg7+ Kf8 38. Rxh7 Re3 39. Ra7 1-0

[Event "44th Annual World Open"]
[Site "Philadelphia USA"]
[Date "2016.07.01"]
[Round "3"]
[White "Kretchetov, Alexandre"]
[Black "Paciorkowski, Lev"]
[Result "1/2-1/2"]
[WhiteTitle "FM"]
[WhiteElo "2246"]
[BlackElo "2062"]
[WhiteFideId "4124588"]
[BlackFideId "30904625"]
[EventDate "2016.06.30"]
[EventType "swiss"]

1. d4 Nf6 2. c4 e6 3. Nc3 Bb4 4. f3 c5 5. d5 O-O 6. e4 exd5 7. cxd5 Nh5 8. Nh3
d6 9. Nf2 f5 10. exf5 Re8+ 11. Be2 Qf6 12. Ne4 Rxe4 13. fxe4 Qh4+ 14. Kf1 Ng3+
15. hxg3 Qxh1+ 16. Kf2 Qxd1 17. Bxd1 Bxc3 18. bxc3 Nd7 19. Bf4 Ne5 20. Be2 Bd7
21. a4 Nf7 22. a5 Re8 23. Rb1 Bc8 24. Kf3 g6 25. g4 g5 26. Bg3 Kg7 27. Ke3 Kf6
28. Rh1 h6 29. Kd3 Kg7 30. c4 Bd7 31. Rb1 Bc8 32. Be1 Ne5+ 33. Ke3 Kf6 34. Bc3
Rh8 1/2-1/2

[Event "44th Annual World Open"]
[Site "Philadelphia USA"]
[Date "2016.07.02"]
[Round "4.2"]
[White "Papp, Gabor1"]
[Black "Liang, Awonder"]
[Result "1-0"]
[WhiteTitle "GM"]
[BlackTitle "IM"]
[WhiteElo "2596"]
[BlackElo "2408"]
[WhiteFideId "718602"]
[BlackFideId "2056437"]
[EventDate "2016.06.30"]

1. e4 c5 2. Nf3 d6 3. d4 cxd4 4. Nxd4 Nf6 5. Nc3 a6 6. Be2 e5 7. Nb3 Be7 8. Be3
Be6 9. Qd3 Nbd7 10. Nd5 Bxd5 11. exd5 b6 12. O-O O-O 13. c4 Nc5 14. Nxc5 bxc5
15. Bd2 a5 16. Bd1 Nd7 17. Ba4 f5 18. f3 Ra7 19. Bc3 g6 20. Rae1 Bf6 21. Re2 Bg7
22. Qd2 Nf6 23. Bc2 Re8 24. Rfe1 Rf8 25. g3 Qb6 26. Kg2 Qa6 27. b3 Qb6 28. Rb1
Re8 29. Rbe1 Rf8 30. Bd3 Qc7 31. Rf1 Qd8 32. Bc2 Qc7 33. Rff2 Qd8 34. Kf1 Re8
35. Kg2 Rf8 36. Re1 Re8 37. Rfe2 Qb6 38. a3 Rf8 39. Rb1 Qc7 40. Kh1 Kh8 41. Rg1
Nh5 42. Rge1 Nf6 43. Rg1 Nh5 44. Qe1 Rg8 45. Bd2 Rf8 46. Rf2 Raa8 47. Re2 Ra7
48. Rf1 Qd8 49. Ref2 Kg8 50. Rg2 Kh8 51. Re2 Kg8 52. Qb1 Nf6 53. Rg1 Nh5 54. Rf1
Nf6 55. Bg5 Qc7 56. Qe1 Raa8 57. Bd2 Ra7 58. g4 fxg4 59. fxg4 Nxg4 60. Rxf8+
Bxf8 61. Rg2 Nh6 62. Bxg6 hxg6 63. Rxg6+ Kf7 64. Qe4 Ke8 65. Re6+ Kd8 66. Bxh6
Qf7 67. Bg5+ Be7 68. Bxe7+ Rxe7 69. Rxd6+ Rd7 70. Rg6 Kc8 71. Rg1 Rd6 72. Qg4+
Rd7 73. Qg8+ Kc7 74. Qxf7 Rxf7 75. Rg6 Kd7 76. Kg2 e4 77. Ra6 Rf3 78. Rxa5 Rxb3
79. Rxc5 Kd6 80. Rc6+ Ke5 81. d6 Kf4 82. d7 Rb2+ 83. Kf1 Rd2 84. Rf6+ Kg5 85.
Rf7 Kg6 86. Re7 1-0

[Event "44th Annual World Open"]
[Site "Philadelphia USA"]
[Date "2016.07.02"]
[Round "4.3"]
[White "Gorovets, Andrey"]
[Black "Kacheishvili, Giorgi"]
[Result "1/2-1/2"]
[WhiteTitle "IM"]
[BlackTitle "GM"]
[WhiteElo "2551"]
[BlackElo "2589"]
[WhiteFideId "13504037"]
[BlackFideId "13600613"]
[EventDate "2016.06.30"]

1. c4 e5 2. g3 Nc6 3. Bg2 g6 4. Nc3 Bg7 5. e4 d6 6. Nge2 h5 7. h4 Nd4 8. Nxd4
exd4 9. Nd5 c6 10. Nf4 Ne7 11. O-O O-O 12. d3 Rb8 13. b4 b5 14. cxb5 Rxb5 15.
Bd2 a5 16. a3 Ba6 1/2-1/2

[Event "44th Annual World Open"]
[Site "Philadelphia USA"]
[Date "2016.07.02"]
[Round "4.4"]
[White "Panchanatham, Vignesh"]
[Black "Bachmann, Axel"]
[Result "1/2-1/2"]
[WhiteTitle "FM"]
[BlackTitle "GM"]
[WhiteElo "2352"]
[BlackElo "2642"]
[WhiteFideId "2060523"]
[BlackFideId "3700488"]
[EventDate "2016.06.30"]

1. d4 Nf6 2. c4 e6 3. Nf3 Bb4+ 4. Bd2 a5 5. Nc3 O-O 6. e3 b6 7. Bd3 Bb7 8. Qc2
d5 9. cxd5 exd5 10. Ne5 Be7 11. h3 Na6 12. a3 c5 13. Qa4 Bd6 14. Bb5 cxd4 15.
exd4 Bxe5 16. dxe5 Nc5 17. Qf4 d4 18. exf6 dxc3 19. bxc3 Re8+ 20. Be3 Nd3+ 21.
Bxd3 Qxd3 22. Qd4 Qg6 23. Qg4 Bxg2 24. Qxg6 fxg6 25. Rh2 Bf3 26. fxg7 Rad8 27.
Kf1 Rd3 28. Bxb6 a4 29. Bd4 g5 30. Rg2 Bxg2+ 31. Kxg2 Rd2 32. Kg3 h6 33. Rb1 Ra2
34. Rb6 Kh7 35. Kg4 Re4+ 36. Kg3 Rxd4 37. cxd4 Kxg7 38. Ra6 Rxa3+ 39. Kg4 Ra2
40. f3 Ra3 41. d5 Rd3 42. d6 Rd5 43. Ra7+ Kf6 44. Rxa4 Rxd6 45. f4 gxf4 46.
Rxf4+ Kg6 47. Ra4 Rb6 48. Rc4 Rd6 49. Ra4 Rb6 50. Rc4 Rd6 51. Ra4 1/2-1/2

[Event "44th Annual World Open"]
[Site "Philadelphia USA"]
[Date "2016.07.02"]
[Round "4"]
[White "Panchanathan, Magesh Chandran"]
[Black "Nyzhnyk, Illya"]
[Result "1/2-1/2"]
[WhiteTitle "GM"]
[BlackTitle "GM"]
[WhiteElo "2518"]
[BlackElo "2622"]
[WhiteFideId "5007429"]
[BlackFideId "14118084"]
[EventDate "2016.06.30"]
[EventType "swiss"]

1. Nf3 d5 2. g3 Nf6 3. Bg2 g6 4. d4 Bg7 5. c4 c6 6. Nbd2 O-O 7. O-O Bf5 8. b3
Ne4 9. Bb2 a5 10. Ne5 Nd7 11. Nxe4 Bxe4 12. Bxe4 dxe4 13. Qc2 f5 14. Rad1 Nxe5
15. dxe5 Qc7 16. f4 exf3 17. exf3 Bxe5 18. Bxe5 Qxe5 19. Rfe1 Qc5+ 20. Qf2 Qxf2+
21. Kxf2 Rf7 22. Rd7 e5 1/2-1/2

[Event "44th Annual World Open"]
[Site "Philadelphia USA"]
[Date "2016.07.02"]
[Round "4"]
[White "Lenderman, Aleksandr"]
[Black "Tang, Andrew"]
[Result "1-0"]
[WhiteTitle "GM"]
[BlackTitle "IM"]
[WhiteElo "2614"]
[BlackElo "2416"]
[WhiteFideId "2021285"]
[BlackFideId "2059630"]
[EventDate "2016.06.30"]
[EventType "swiss"]

1. d4 d5 2. c4 e6 3. Nf3 Nf6 4. g3 Be7 5. Bg2 O-O 6. O-O dxc4 7. Ne5 Nc6 8. Nxc6
bxc6 9. Na3 Bxa3 10. bxa3 Ba6 11. Qd2 c3 12. Qxc3 Bxe2 13. Re1 Bb5 14. a4 Bxa4
15. Qb4 Bb5 16. a4 Ba6 17. Ba3 Qc8 18. Qxf8+ Qxf8 19. Bxf8 Kxf8 20. Rec1 Rc8 21.
Rab1 Bd3 22. Rb7 a6 23. Rxc6 Ne8 24. Rb3 Be2 25. Rb2 Bd3 26. Rd2 1-0